[Event "GER-ch U12"]
[Site "Willingen"]
[Date "2020.10.27"]
[Round "1"]
[White "Sommer, Justus"]
[Black "Werner, Florin"]
[Result "1-0"]
[WhiteElo "1845"]
[BlackElo "1481"]
[PlyCount "101"]
[EventDate "2020.10.26"]
[EventType "swiss"]
[EventRounds "7"]
[EventCountry "GER"]
[SourceTitle "CBM 199 Extra"]
[Source "ChessBase"]
[SourceDate "2021.01.31"]
[SourceVersion "1"]
[SourceVersionDate "2021.01.31"]
[SourceQuality "1"]

1. e4 e6 2. d4 d5 3. Nc3 Nf6 4. Bg5 Be7 5. exd5 exd5 6. Bd3 c6 7. Nf3 h6 8. Bh4 Bg4 9. 0-0 0-0 10. Re1 Bd6 11. Nb1 Nbd7 12. Nbd2 Qc7 13. Nf1 Rfe8 14. Rxe8+ Rxe8 15. Bg3 Ne4 16. Bxd6 Qxd6 17. Ne3 Ndf6 18. h3 Bh5 19. g4 Bg6 20. Ne5 c5 21. Nxg6 fxg6 22. Bxe4 Rxe4 23. dxc5 Qxc5 24. Qd3 Rd4 25. Qxg6 Rd2 26. Rf1 Ne4 27. Nf5 Qf8 28. Nxh6+ Kh8 29. Nf7+ Kg8 30. Ng5 Qf6 31. Qe8+ Qf8 32. Qe6+ Kh8 33. Nxe4 dxe4 34. Qxe4 Qf6 35. Qxb7 Rxc2 36. Qa8+ Kh7 37. Qe4+ Qg6 38. Qxg6+ Kxg6 39. Rb1 Kg5 40. Kg2 Kf4 41. a4 a5 42. b4 Rc4 43. b5 Rc8 44. b6 Rb8 45. Rb5 g6 46. b7 g5 47. f3 Ke3 48. Kg3 Ke2 49. f4 Rf8 50. b8Q gxf4+ 51. Qxf4 1-0

[Event "GER Cup Net Final-B U2000"]
[Site "Playchess.com INT"]
[Date "2020.06.06"]
[Round "12"]
[White "Ensslinger, Colin"]
[Black "Sommer, Justus"]
[Result "1-0"]
[WhiteElo "1700"]
[BlackElo "1794"]
[PlyCount "73"]
[EventDate "2020.06.06"]
[EventType "swiss (blitz)"]
[EventRounds "13"]
[EventCountry "GER"]
[SourceTitle "CBM 197 Extra"]
[Source "ChessBase"]
[SourceDate "2020.09.30"]
[SourceVersion "1"]
[SourceVersionDate "2020.09.30"]
[SourceQuality "1"]

1. b3 d5 2. Bb2 Nc6 3. e3 Nf6 4. Bb5 g6 5. Nf3 Bg7 6. Bxc6+ bxc6 7. 0-0 0-0 8. d3 Bg4 9. Nbd2 Nd7 10. Bxg7 Kxg7 11. h3 Be6 12. Nd4 c5 13. Nc6 Qe8 14. e4 Nb6 15. exd5 Bxd5 16. Ne5 f6 17. Nef3 e5 18. Re1 Qc6 19. c4 Bf7 20. Ne4 Nd7 21. Qc2 Rfe8 22. Rad1 Nf8 23. Qe2 Ne6 24. Qb2 Nd4 25. Nxd4 cxd4 26. Qd2 f5 27. Ng3 Rad8 28. f4 e4 29. dxe4 fxe4 30. Re2 e3 31. Qd3 Qe6 32. Rf1 c5 33. Rf3 Qd7 34. f5 Re5 35. f6+ Kg8 36. Ne4 Qf5 37. Rxf5 1-0